| 000 | 00463nam a22001577a 4500 | ||
|---|---|---|---|
| 008 | 230609b |||||||| |||| 00| 0 eng d | ||
| 020 | _a978-81-8052-188-1 | ||
| 040 |
_aNational Science Library _cNational Science Library |
||
| 080 |
_a62+001.85:65 _bP7 |
||
| 100 |
_aKhurana, V K _911326 |
||
| 245 | _aManagement of technology and innovation | ||
| 260 |
_aNew Delhi: _bAne Books India, _c2007 |
||
| 300 | _ax, 222p. | ||
| 650 | _aScience | ||
| 942 |
_2udc _cBK |
||
| 999 |
_c41576 _d41576 |
||